[Event "Krakow op-D"]
[Site "Krakow"]
[Date "2003.12.28"]
[Round "2"]
[White "Kotulecki, Piotr"]
[Black "Chrzaszcz, Malvina"]
[Result "0-1"]
[WhiteElo "1400"]
[BlackElo "1600"]
[PlyCount "120"]
[EventDate "2003.12.27"]
[EventType "swiss"]
[EventRounds "9"]
[EventCountry "POL"]
[SourceTitle "EXT 2006"]
[Source "ChessBase"]
[SourceDate "2005.11.24"]
[SourceVersion "1"]
[SourceVersionDate "2005.11.24"]
[SourceQuality "1"]

1. e4 e5 2. Nf3 Nc6 3. Bc4 Nf6 4. d3 Bc5 5. 0-0 0-0 6. Bg5 h6 7. Bxf6 Qxf6 8. Nbd2 b6 9. c3 Bb7 10. b4 Bd6 11. Bd5 Rab8 12. a4 a6 13. b5 axb5 14. axb5 Ne7 15. Bxb7 Rxb7 16. c4 Rbb8 17. Qe2 Ra8 18. Nb3 Ng6 19. g3 c6 20. Ra6 Bc7 21. Rxa8 Rxa8 22. bxc6 Qxc6 23. Ra1 Rxa1+ 24. Nxa1 Qa4 25. Nc2 b5 26. cxb5 Qxb5 27. Qd2 Ba5 28. Na3 Qa4 29. Qb2 Bb4 30. Nc4 d6 31. Nb6 Qa5 32. Nd5 Bc5 33. Qb8+ Kh7 34. Qb2 Qa4 35. Nc3 Qa6 36. Ne1 Bd4 37. Qb5 Qa1 38. Nb1 Qa7 39. Qc6 Bxf2+ 40. Kf1 Bxe1 41. Kxe1 Qg1+ 42. Kd2 Qxb1 43. Qxd6 Qb2+ 44. Ke3 Qxh2 45. d4 Qxg3+ 46. Ke2 Nf4+ 47. Kd2 Qd3+ 48. Kc1 Ne2+ 49. Kb2 Qc3+ 50. Kb1 Nxd4 51. Qb6 h5 52. Qb2 Qxb2+ 53. Kxb2 h4 54. Kc1 h3 55. Kd1 h2 56. Kd2 h1Q 57. Ke3 Qf3+ 58. Kd2 Nb3+ 59. Ke1 Qg2 60. Kd1 Qd2# 0-1